01127nam a2200253 a 450000100100000000500170001000800410002702000180006804000250008608200170011110000520012824500560018026000390023630000280027549000230030350400740032665000270040065000310042783000300045895201310048895201160061995201210073599900170085600003437220200930073649.0100223s2008 dr a 000 d spa d a9789945408157 aDO-SdBNPbspacBNPHU a862.3bC146v1 aCalderón de la Barca, Pedro,d1600-16819554713aLa vida es sueño /cPedro Calderón de la Barca. aSanto Domingo :bSantuario,c2008. a149 p. :bil. ;c21 cm.1 aSantuario infantil aIncluye referencias bibliográficas y notas al pie de las páginas. 4aTeatro español93071 4aLiteratura española9632 0aSantuario infantil955663 0010547-18DSaGRbGRcOId2011-10-04iLF1l0o862.3 C146vp34372-30r2020-06-25te. 3w2020-06-25yLFDSZPréstamo en sala 00107-18PDaPDbPDcOId2011-10-04iLF1l0o862.3 C146vp34372-10r2020-06-25w2020-06-25yLFPDZNo se presta 0010728PDaPDbPDcOId2011-10-04iLF1l0o862.3 C146vp34372-20r2020-06-25te. 2w2020-06-25yLFPDZNo se presta c33863d33863